Comparative European politics : the story of a profession /

Bibliographic Details
Other Authors: Daalder, Hans, Allardt, Erik
Format: Book
Language:English
Published: London ; New York : Pinter, 1997.
Subjects:

MARC

Tag First Indicator Second Indicator Subfields
LEADER 00000cam a2200000 a 4500
001 in00001393921
005 20151020054428.0
008 960523s1997 enk b 001 0 eng
010 |a  96022205  
020 |a 1855673991 (hardcover) 
035 |a (OCoLC)34851081 
035 |9 AHN1472AM 
040 |a DLC  |c DLC  |d TXA  |d UtOrBLW 
043 |a ew----- 
049 |a TXAM 
050 0 0 |a JN94.A58  |b C66 1997 
082 0 0 |a 320.94  |2 20 
245 0 0 |a Comparative European politics :  |b the story of a profession /  |c edited by Hans Daalder ; with contributions by Erik Allardt [and others]. 
264 1 |a London ;  |a New York :  |b Pinter,  |c 1997. 
300 |a iv, 377 pages ;  |c 25 cm. 
336 |a text  |b txt  |2 rdacontent 
337 |a unmediated  |b n  |2 rdamedia 
338 |a volume  |b nc  |2 rdacarrier 
504 |a Includes bibliographical references and indexes. 
651 0 |a Europe, Western  |x Politics and government. 
650 0 |a Democracy  |z Europe, Western. 
650 0 |a Comparative government. 
700 1 |a Daalder, Hans. 
700 1 |a Allardt, Erik. 
999 |a MARS 
999 f f |s 21d1735e-2471-3c40-8357-d8e03c100756  |i f9f5a9d4-f946-33ea-94e6-40dfb618faed  |t 0 
952 f f |p ric  |a Texas A&M University  |b Rellis Campus  |c Joint Library Facility  |d Remote Storage  |t 0  |e JN94.A58 C66 1997  |h Library of Congress classification  |i unmediated -- volume  |m A14822090044 
998 f f |a JN94.A58 C66 1997  |t 0  |l Remote Storage